=LDR 00000nam 2200000 4500 =001 INLIS000000000009649 =005 20130612101432 =008 ***********************************Ind** =035 ##$$0010-061300000009649 =041 ##$$a Ind =082 ##$$a 372.4 =090 ##$$a 372.4, Nas c =100 ##$$a Nasir =245 ##$$a Cepat Membaca =260 ##$$a [19..] $b Bekasi =300 ##$$a ...Jil, 21 cm =650 ##$$a Membaca (Pendidikan Dasar) =850 ##$$a NBPNMAT